01074nam a2200217Ia 450000500170000000800410001702000150005805000230007310000320009624500700012825000180019826000570021630000380027350000370031150400420034850503530039065000170074365000290076070000260078970000410081520231102151126.0120626s1996 mx a 000 0 spa d a968880677314aBF311bM37518 19961 aMatlin, Margaret W..eautor10aSensación y percepciónc / Margaret W. Matlin, Hugh J. Foley  a3a. edición aMéxicob : Prentice Hall Hispanoamericanac , 1996 axix, 554 páginasbilustraciones aIncluye: Índices (pp. 537-554) aIncluye: Bibliografía (pp. 495-531)2 aIntroducción Metodologías perceptuales El sistema visual Funciones visuales básicas Percepción de patrones visuales Percepción de la distancia y el tamaño El color El sistema auditivo Funciones auditivas básicas Patrón de percepción auditiva Movimiento Sentidos de la piel Sentidos químicos: olfato y gusto Desarrollo perceptual14aPERCEPCIÓN24aSENSACIONES Y SENTIDOS  aFoley, Hugh J.eautor aRamírez Escoto, Marcelaetraductor